| 000 | 00645nam a2200229Ia 4500 | ||
|---|---|---|---|
| 003 | OSt | ||
| 005 | 20220918202517.0 | ||
| 006 | a|||||r|||| 00| 0 | ||
| 007 | ta | ||
| 008 | 220917b |||||||| |||| 00| 0 eng d | ||
| 024 | _a101,802 | ||
| 037 | _cTextual | ||
| 040 |
_aARTS _cARTS _beng |
||
| 041 |
_2eng _aeng |
||
| 082 | _aV216.N9, N4 | ||
| 100 |
_aRao P Raghunadha _9104111 |
||
| 245 | 0 |
_aHistory and culture of Andhra Pradesh _b from the earliest time to the present day |
|
| 260 |
_aN.D _bSterling Pub _c1994 |
||
| 650 | _aHISTORY | ||
| 942 |
_hV216.N9, N4 _cTEXL _2CC |
||
| 999 |
_c225262 _d225262 |
||